| 000 | 01273nam a2200349Ia 4500 | ||
|---|---|---|---|
| 001 | ebr10567072 | ||
| 003 | CaPaEBR | ||
| 006 | m u | ||
| 007 | cr cn||||||||| | ||
| 008 | 940601s1994 enk sb 001 0 eng d | ||
| 010 | _z 93086519 | ||
| 020 | _z9780803985124 | ||
| 020 | _z9781446264706 | ||
| 020 | _z0803985118 | ||
| 020 | _z0803985126 | ||
| 040 |
_aCaPaEBR _cCaPaEBR |
||
| 035 | _a(OCoLC)797835826 | ||
| 050 | 1 | 4 |
_aHV6250.25 _b.M38 1994eb |
| 082 | 0 | 4 |
_a362.88 _220 |
| 100 | 1 | _aMawby, R. I. | |
| 245 | 1 | 0 |
_aCritical victimology _h[electronic resource] : _binternational perspectives / _cR.I. Mawby and S. Walklate. |
| 260 |
_aLondon ; _aThousand Oaks, Calif. : _bSage, _c1994. |
||
| 300 | _a224 p. | ||
| 504 | _aIncludes bibliographical references (p.199-217) and index. | ||
| 533 |
_aElectronic reproduction. _bPalo Alto, Calif. : _cebrary, _d2011. _nAvailable via World Wide Web. _nAccess may be limited to ebrary affiliated libraries. |
||
| 650 | 0 | _aVictims of crimes. | |
| 650 | 0 | _aCriminal behavior. | |
| 655 | 7 |
_aElectronic books. _2local |
|
| 700 | 1 | _aWalklate, Sandra. | |
| 710 | 2 | _aebrary, Inc. | |
| 856 | 4 | 0 |
_uhttp://site.ebrary.com/lib/rucke/Doc?id=10567072 _zAn electronic book accessible through the World Wide Web; click to view |
| 999 |
_c93192 _d93192 |
||